Attitudes and performance in Mathematics of grade 10 students at Matanao National High School/ (Record no. 2734)
[ view plain ]
| 000 -LEADER | |
|---|---|
| fixed length control field | 00577nam a22001457a 4500 |
| 008 - FIXED-LENGTH DATA ELEMENTS--GENERAL INFORMATION | |
| fixed length control field | 160525b xxu||||| |||| 00| 0 eng d |
| 082 ## - DEWEY DECIMAL CLASSIFICATION NUMBER | |
| Edition number | 2015 |
| Classification number | UT 0603 |
| Item number | P19 |
| 100 ## - MAIN ENTRY--PERSONAL NAME | |
| 9 (RLIN) | 9053 |
| Personal name | Panerio, Conrado B. |
| Numeration | Jr. |
| 245 ## - TITLE STATEMENT | |
| Title | Attitudes and performance in Mathematics of grade 10 students at Matanao National High School/ |
| Statement of responsibility, etc. | Conrado B. Panerio Jr. and Christine Joyce Sullaga. |
| 260 ## - PUBLICATION, DISTRIBUTION, ETC. (IMPRINT) | |
| Place of publication, distribution, etc. | Digos City: |
| Name of publisher, distributor, etc. | UMDC |
| Date of publication, distribution, etc. | October 2015. |
| 300 ## - PHYSICAL DESCRIPTION | |
| Extent | 75 pages; |
| Dimensions | 30 cm. |
| 650 #0 - SUBJECT ADDED ENTRY--TOPICAL TERM | |
| 9 (RLIN) | 9052 |
| Topical term or geographic name as entry element | Education |
| Form subdivision | Mathematics |
| General subdivision | Undergraduate thesis. |
| 700 ## - ADDED ENTRY--PERSONAL NAME | |
| 9 (RLIN) | 9051 |
| Personal name | Sullaga, Christine Joyce. |
| 942 ## - ADDED ENTRY ELEMENTS (KOHA) | |
| Source of classification or shelving scheme | Dewey Decimal Classification |
| Koha item type | Undergraduate Thesis |
| Withdrawn status | Lost status | Source of classification or shelving scheme | Damaged status | Not for loan | Collection code | Home library | Current library | Date acquired | Total Checkouts | Full call number | Barcode | Date last seen | Copy number | Price effective from | Koha item type |
|---|---|---|---|---|---|---|---|---|---|---|---|---|---|---|---|
| Dewey Decimal Classification | Undergraduate Theses | UM Digos College - LIC | UM Digos College - LIC | 05/25/2016 | UT 0603 P19 2015 | UT0603 | 05/25/2016 | 1 | 05/25/2016 | Undergraduate Thesis | |||||
| Dewey Decimal Classification | Undergraduate Theses | UM Digos College - LIC | UM Digos College - LIC | 06/20/2017 | UT 0878 P19 | UT0878 | 08/18/2017 | 2 | 08/18/2017 | Undergraduate Thesis |
